CLINICAL METHODS IN MEDICINE SKILLS & PRACTICE (Record no. 6587)

MARC details
000 -LEADER
fixed length control field 00360nam a2200145Ia 4500
008 - FIXED-LENGTH DATA ELEMENTS--GENERAL INFORMATION
fixed length control field 150301s2015 xx 000 0 und d
082 ## - DEWEY DECIMAL CLASSIFICATION NUMBER
Classification number 610
Item number C15C
100 ## - MAIN ENTRY--PERSONAL NAME
Personal name CHUGH, S.N.
245 ## - TITLE STATEMENT
Title CLINICAL METHODS IN MEDICINE SKILLS & PRACTICE
250 ## - EDITION STATEMENT
Edition statement 2ND
260 ## - PUBLICATION, DISTRIBUTION, ETC. (IMPRINT)
Name of publisher, distributor, etc. JAYPEE
Place of publication, distribution, etc. DELHI
Date of publication, distribution, etc. 2015
300 ## - PHYSICAL DESCRIPTION
Extent 564
650 ## - SUBJECT ADDED ENTRY--TOPICAL TERM
Topical term or geographic name as entry element GENERAL MEDICINE
942 ## - ADDED ENTRY ELEMENTS (KOHA)
Source of classification or shelving scheme Dewey Decimal Classification
Koha item type Books
Koha issues (borrowed), all copies 29
Holdings
Withdrawn status Lost status Source of classification or shelving scheme Damaged status Not for loan Collection code Home library Current library Shelving location Date acquired Source of acquisition Cost, normal purchase price SGTU Bill Number Total Checkouts Full call number Barcode Date last seen Date last checked out Bill Date Koha item type Total Renewals
    Dewey Decimal Classification     MEDICAL SGT Medical Library SGT Medical Library Text Book 02/07/2015 ABC DELHI 650.00 SGTU 4960 3 610 C15C FM6446 07/03/2024 04/03/2024 25/10/2014 Books  
    Dewey Decimal Classification     MEDICAL SGT Medical Library SGT Medical Library Text Book 02/07/2015 ABC DELHI 650.00 SGTU 4960 12 610 C15C FM6447 11/11/2024 06/11/2024 25/10/2014 Books  
    Dewey Decimal Classification     MEDICAL SGT Medical Library SGT Medical Library Text Book 02/07/2015 ABC DELHI 650.00 SGTU 4960 7 610 C15C FM6448 18/04/2023 04/04/2023 25/10/2014 Books 1
    Dewey Decimal Classification     MEDICAL SGT Medical Library SGT Medical Library Text Book 02/07/2015 ABC DELHI 650.00 SGTU 4960 11 610 C15C FM6449 21/05/2024 30/04/2024 25/10/2014 Books  
    Dewey Decimal Classification     MEDICAL SGT Medical Library SGT Medical Library Text Book 02/07/2015 ABC DELHI 650.00 SGTU 4960 9 610 C15C FM6450 21/01/2026 15/09/2025 25/10/2014 Books